000 00396nam a22001697a 4500
005 20250829145417.0
008 250829b |||||||| |||| 00| 0 eng d
037 _cTB
040 _aCRL
_cCRL
041 _2eng
_aeng
084 _qCRL
245 _aMaid's Tradedy of France ....
260 _c1969
300 _a198p.
942 _2CC
_cTB
_n0
999 _c1434995
_d1434995